000 00316 a2200133 4500
000 nam a22 7a 4500
100 _aGwidon, Stachowiak
110 _aGwidon, Stachowiak
245 _aEngineering Tribology
250 _alatest edition
260 _b Elsevier
_c2025
264 _b Elsevier
_c2025
942 _cBK
999 _c397091
_d397091